Actea (Record no. 150667)

MARC details
000 -LEADER
campo de control de longitud fija 00674nam a2200205 i 4500
001 - NÚMERO DE CONTROL
campo de control 150667
003 - IDENTIFICADOR DE NÚMERO DE CONTROL
campo de control ES-MaACL
005 - FECHA Y HORA DE LA ÚLTIMA TRANSACCIÓN
campo de control 20250704062529.0
007 - CAMPO FIJO DE DESCRIPCIÓN FÍSICA--INFORMACIÓN GENERAL
campo de control de longitud fija t|
008 - DATOS DE LONGITUD FIJA--INFORMACIÓN GENERAL
campo de control de longitud fija 071105q18901900sp ||||1| spa d
100 1# - ENTRADA PRINCIPAL--NOMBRE DE PERSONA
Nombre de persona Dumas, Alexandre,
Fechas asociadas al nombre 1802-1870
Término indicativo de función/relación Autor
9 (RLIN) 241135
245 10 - MENCIÓN DEL TÍTULO
Título Actea
Resto del título : novela /
Mención de responsabilidad, etc. por Alejandro Dumas ; traducción por Juan García Rodríguez.
260 ## - PUBLICACIÓN, DISTRIBUCIÓN, ETC.
Lugar de publicación, distribución, etc. Madrid :
Nombre del editor, distribuidor, etc. La España Moderna,
Fecha de publicación, distribución, etc. [189-?] (
Fabricante Idamor Moreno)
300 ## - DESCRIPCIÓN FÍSICA
Extensión 201 p. ;
Dimensiones 23 cm.
500 ## - NOTA GENERAL
Nota general La editorial La España Moderna ejerce ca. 1890-1900.
700 1# - ENTRADA AGREGADA--NOMBRE PERSONAL
Nombre de persona García Rodríguez, Juan.
9 (RLIN) 55202
852 ## - LOCALIZACIÓN
Ubicación ES-MaACL
Número de control de estantería F-14779
942 ## - ELEMENTOS DE ENTRADA SECUNDARIOS (KOHA)
Fuente del sistema de clasificación o colocación Clasificación decimal universal
Holdings
Estatus retirado Estado de pérdida Estado de daño No para préstamo Colección Biblioteca de origen Biblioteca actual Ubicación en estantería Fecha de adquisición Fuente de adquisición Total de préstamos Signatura topográfica completa Código de barras Visto por última vez Precio de reemplazo Tipo de ítem Koha
        Libros del s. XIX Biblioteca del Ateneo de Madrid Biblioteca del Ateneo de Madrid Sala Pecera Planta 2 17/01/2008     F-14779 1157213 23/02/2023 23/02/2023 Libro impreso antiguo